Muhammad Ali : el hombre detrás de la leyenda = I am Ali /
Gespeichert in:
| 1. Verfasser: | |
|---|---|
| Weitere Verfasser: | , , |
| Format: | |
| Sprache: | Englisch |
| Veröffentlicht: |
Gran Bretaña : Londres, Inglaterra :
Fisheye Films ; Passion Pictures,
2014
|
| Schlagworte: | |
| Tags: |
Keine Tags, Fügen Sie das erste Tag hinzu!
|
MARC
| LEADER | 00000ngm^a2200000^a^4500 | ||
|---|---|---|---|
| 001 | 000395631 | ||
| 005 | 20250521000000.0 | ||
| 009 | 20260310121409.278 | ||
| 037 | |a Acervo ITESO - Biblioteca | ||
| 041 | |a ING | ||
| 082 | |a 796. 830973092 |b LEW | ||
| 100 | |a Lewins, Clare |e (realización) | ||
| 240 | 1 | 1 | |a [Muhammad Ali: el hombre detrás de la leyenda] |
| 245 | 1 | 0 | |a Muhammad Ali : |b el hombre detrás de la leyenda = I am Ali / |c Realización de L. Gast, R. Moore. |
| 264 | 1 | |a Gran Bretaña : |b Fisheye Films ; |a Londres, Inglaterra : |b Passion Pictures, |c 2014 | |
| 264 | 2 | |a México : |b Universal Pictures [distribución] : |b Paramount Pictures [distribución], |c 2015, c2015 | |
| 300 | |a 1 DVD regiones 1, 2, 3 y 4 (111 min.) : |b blanco y negro, color | ||
| 336 | |a imagen móvil bidimensional |b tdi |2 rdacontenido | ||
| 337 | |a video |b v |2 rdamedio | ||
| 338 | |a videodisco |b vd |2 rdasoporte | ||
| 546 | |a En inglés, con subtítulos opcionales: español, chino, francés, indonesio, inglés, japonés, portugués, thai | ||
| 546 | |a Doblaje opcional: español, portugués | ||
| 649 | |a XX | ||
| 650 | |a Deportistas Profesionales Norteamericanos - |x Biografías | ||
| 650 | |a Deportistas Norteamericanos - |x Biografías | ||
| 650 | |a Documentales | ||
| 650 | |a Opera Prima | ||
| 650 | |a Cine de Mujeres - |z Inglaterra | ||
| 650 | |a Cine Inglés - |y 2010-2019 | ||
| 650 | |a Cine Inglés - |y Siglo XXI | ||
| 650 | |a Boxeo - |z EUA - |x Historia - |y Siglo XX | ||
| 650 | |a Boxeo - |x Historia - |y Siglo XX | ||
| 650 | |a Deportes - |z EUA - |x Historia - |y Siglo XX | ||
| 650 | |a Deportes - |x Historia - |y Siglo XX | ||
| 650 | |a Ali, Muhammad - |x Tema Principal | ||
| 700 | |a Lewins, Clare |e (guión) | ||
| 700 | |a Luck, Stuart |e (fotógrafo) | ||
| 700 | |a Wrench, Mark |e (montaje) | ||
| 910 | |a Fondo General | ||
| 920 | |a Audiovisuales - DVDs | ||
| 940 | |a Películas | ||
| 905 | |a 302 | ||
| 901 | |a 0500290498 |b IT2 |c DVS |i C151568 |u 20250521 | ||
| 902 | |a https://opac.biblio.iteso.mx/vufind/Record/000395631 | ||